000 00602cam a22002053a 4500
001 37178
003 PGUSA
005 20140828083821.0
008 110823s2011||||xxu|||||s|||||000 | eng d
040 _aPGUSA
_beng
042 _adc
100 1 _aOuida,
_d1839-1908
245 1 0 _aCecil Castlemaine's Gage, Lady Marabout's Troubles, and other stories
_h[electronic resource] /
_cOuida
260 _bProject Gutenberg,
_c2011
506 _aPublic domain in the USA.
516 _aElectronic text
830 0 _aProject Gutenberg
_v37178
856 4 0 _uhttp://www.gutenberg.org/ebooks/37178
942 _cEB
999 _c266432
_d266432